Tres sombreros de copa / (Registro nro. 11135)

Detalles MARC
000 -LIDER
fixed length control field 00911nam a22003017a 4500
001 - NÚMERO DE CONTROL
Identificador de número de control 001009
003 - IDENTIFICACDOR DE NÚMERO DE CONTROL
control field DO-SdBPM
005 - DATE AND TIME OF LATEST TRANSACTION
control field 20241128112501.0
007 - CAMPOS FIJOS DE DESCRIPCIÓN FÍSICA
fixed length control field 001009
008 - ELEMENTOS DE LONGITUD FIJA
fixed length control field 160809b2006 sp || 00| 0 spa d
020 ## - ISBN
International Standard Book Number 9788420470238
040 ## - FUENTE DE CATALOGACIÓN
Agencia que crea de manera original el registro
Idioma de catalogación spa
Agencia que realiza la transcripción BPMSU
082 #4 - NÚMERO DE CLASIFICACIÓN DECIMAL DE DEWEY
Classification number 862.6
Item number M636t 2006
Edition number 22
092 ## - LOCALLY ASSIGNED DEWEY DECIMAL CALL NUMBER
Número de clasificación xxxxxxx
Número de ítem (Cutter) xxxxxxx
100 1# - ASIENTO PRINCIPAL -- NOMBRE PERSONAL
Nombre personal Mihura, Miguel
Fechas asociadas con el nombre 1905-1977
245 10 - MENCIÓN DE TITULO
Título Tres sombreros de copa /
Mención de responsabilidad Miguel Mihura ; prólogo Manuel Longares
260 ## - PUBLICACIÓN, DISTRIBUCIÓN, ETC. (PIE DE IMPRENTA)
Lugar de publicación, distribución, etc Madrid, España :
Nombre del editor, distribuidor, etc. Santillana,
Fecha de publicación, distribución, etc 2006.
300 ## - DESCRIPCIÓN FÍSICA
Extensión 145 p. ;
Dimensiones 20 cm.
490 0# - MENCIÓN DE SERIES
Mención de serie Roja
490 1# - MENCIÓN DE SERIES
Mención de serie Alfaguara
590 ## - NOTA LOCAL
Texto de la nota local Inventariado, 2024/VM
600 14 - ENCABEZAMIENTO DE MATERIA--NOMBRE PERSONAL
Nombre personal Mihura, Miguel,
Fechas asociadas con el nombre 1905-1977
Subdivisión temática general Crítica e interpretación
630 04 - ENCABEZAMIENTO DE MATERIA--TITULO UNIFORME
Título uniforme Tres sombreros de copa
Subdivisión temática general Crítica e interpretación.
650 #4 - ENCABEZAMIENTO DE MATERIA--TEMÁTICO
Término temático o nombre geográfico como elemento de entrada Teatro español
700 1# - ASIENTO SECUNDARIO -- NOMBRE PERSONAL
Nombre personal Longares, Manuel,
Mención de responsabilidad prólogo
910 ## - VALIDACIÓN
Validación VMateo V. Control de calidad. BPMSU
942 ## - ADDED ENTRY ELEMENTS (KOHA)
Source of classification or shelving scheme Dewey Decimal Classification
Koha item type Libros
Existencias
Withdrawn status Lost status Source of classification or shelving scheme Damaged status Not for loan Collection code Home library Current library Date acquired Source of acquisition Total Checkouts Full call number Barcode Date last seen Price effective from Koha item type Copy number
    Dewey Decimal Classification     Colección General Biblioteca Pública Metropolitana Salomé Ureña Biblioteca Pública Metropolitana Salomé Ureña 08/09/2016 ALFAGUARA   BPMSU CG 862.6 M636t 2006 BPMSU16080132 08/09/2016 08/09/2016 Libros  
    Dewey Decimal Classification     Colección General Biblioteca Pública Metropolitana Salomé Ureña Biblioteca Pública Metropolitana Salomé Ureña 08/09/2016 ALFAGUARA   BPMSU CG 862.6 M636t 2006 BPMSU16080133 08/09/2016 08/09/2016 Libros e.2
    Dewey Decimal Classification     Colección General Biblioteca Pública Metropolitana Salomé Ureña Biblioteca Pública Metropolitana Salomé Ureña 08/09/2016 ALFAGUARA   BPMSU CG 862.6 M636t 2006 BPMSU16080134 08/09/2016   Libros e.3